LEADER 03128nam 2200601I 450 001 9910463846603321 005 20200520144314.0 010 $a0-429-25580-2 010 $a1-4822-1465-2 035 $a(CKB)2670000000593867 035 $a(EBL)1443858 035 $a(SSID)ssj0001444077 035 $a(PQKBManifestationID)12558800 035 $a(PQKBTitleCode)TC0001444077 035 $a(PQKBWorkID)11449780 035 $a(PQKB)10237578 035 $a(MiAaPQ)EBC1443858 035 $a(MiAaPQ)EBC4743035 035 $a(Au-PeEL)EBL1443858 035 $a(CaPaEBR)ebr11165956 035 $a(OCoLC)908077425 035 $a(OCoLC)858914446 035 $a(EXLCZ)992670000000593867 100 $a20180611d2013 uy 0 101 0 $aeng 135 $aur|n|---||||| 181 $ctxt 182 $cc 183 $acr 200 10$aDecision point $ereal-life ethical dilemmas in law enforcement /$fby Jeffrey L. Green 205 $aFirst edition. 210 1$aBoca Raton, FL :$cCRC Press, an imprint of Taylor and Francis,$d2013. 215 $a1 online resource (220 p.) 300 $aDescription based upon print version of record. 311 $a1-4822-1464-4 311 $a1-322-63169-7 320 $aIncludes bibliographical references. 327 $aFront Cover; Contents; Foreword; Preface; Acknowledgments; Chapter 1: Introduction; Chapter 2: Overview of Ethical Theory; Chapter 3: The Blue Wall; Chapter 4: If Not Me, Then Who?; Chapter 5: I'll See You Tonight!; Chapter 6: Color of the Badge; Chapter 7: The Minister's Misfortune; Chapter 8: Where's the ROI at His Age?; Chapter 9: Where's the Harm?; Chapter 10: Plainclothes Dinner; Chapter 11: One Year From Retirement; Chapter 12: One Extra Hit; Chapter 13: Loosen Those Cuffs; Chapter 14: Dark Justice; Chapter 15: Four 20-Dollar Rocks; Chapter 16: K-9 Probable Cause 327 $aChapter 17: One Black HairChapter 18: The Day Planner; Chapter 19: Karma; Chapter 20: Monsters Among Us; Chapter 21: The Starfish; Chapter 22: Don't Judge Me; Chapter 23: Something You Should Know; Chapter 24: Through the Eyes of a Child; Chapter 25: The Turnpike; Chapter 26: Home Life; Chapter 27: Bring Your Toothbrush; Chapter 28: The Confidential and (Un)Reliable Informant; Chapter 29: Don't Search Him Too Close; Afterword; References; About the Author; Back Cover 330 3 $aExploring the concepts of ethics, morality, and decision-making for the law enforcement community, Decision Point: Real-Life Ethical Dilemmas in Law Enforcement offers an inside look at the difficult challenges officers confront every day as they face ethical decisions that could drastically alter the course of their careers. 606 $aPolice ethics 606 $aDecision making$xMoral and ethical aspects 608 $aElectronic books. 615 0$aPolice ethics. 615 0$aDecision making$xMoral and ethical aspects. 676 $a174/.93632 700 $aGreen$b Jeffrey L.$0936714 801 0$bFlBoTFG 801 1$bFlBoTFG 906 $aBOOK 912 $a9910463846603321 996 $aDecision point$92109828 997 $aUNINA LEADER 03322nam 2200517 450 001 9910819449803321 005 20230119005630.0 010 $a1-925210-34-0 035 $a(CKB)3710000000358962 035 $a(EBL)1963357 035 $a(MiAaPQ)EBC1963357 035 $a(Au-PeEL)EBL1963357 035 $a(OCoLC)904209884 035 $a(EXLCZ)993710000000358962 100 $a20220519d2014 uy 0 101 0 $aeng 135 $aur|n|---||||| 181 $ctxt$2rdacontent 182 $cc$2rdamedia 183 $acr$2rdacarrier 200 14$aThe Nick Enright songbook /$fNick Enright, Peter Wyllie Johnston and Terence Clarke 210 1$aNew South Wales, Australia :$cCurrency Press,$d[2014] 210 4$dİ2014 215 $a1 online resource (494 p.) 300 $aDescription based upon print version of record. 311 $a1-925005-17-8 320 $aIncludes bibliographical references. 327 $aCover; Title Page; About The Musicals; Nick Enright: An Appreciation, by Peter Wyllie Johnston; Jindyworoback; The Venetian Twins (1979); Never Cross a Man Like Me; A Little Mate; Hiss the Villain; Except; Better Dead Than Wed; What Have I to Sing About? (Kath's Song); On the Wallaby (1980); Strike Me Lucky; G'day; Buckley's! (1981); I Survive; Buckley's Chance; My Act; Nothing Temporary; South America; Variations; Variations (1982); If I Don't Have You; Welcome to the Palace; Changing Places; Next Time Round; In Solitude; Summer Rain; Summer Rain (1983); The Casuarina Tree 327 $aThe Word on the WindNothin' Doin'; Abracadabra Man; Nine Day Wonder; Love Has Lousy Timing; Once in a Blue Moon; Strange Harvest; Orlando Rourke (1985); Son of Nature; Home; Keep Looking; The Ballad of Eulalia Horne (She Rose Above It); New Day Dawning; Look to the Moon; The Betrothed (1993); Sextet; I'll Hold On; Miracle City (1996); Open up Today; Raise the Roof; I'm In Your Hands; Benediction; Lovers' Lane; Mary Bryant (1996); Poor Man's Lullaby; Never Say Die; Your Name is on My Heart; Sail Away (solo version); Sail Away (four part version); Suivons La Valse; The Good Fight (2002) 327 $aThe Father I DreamSydney Won't Let Go; Cabaret (1998); Acknowledgements; Biographies; Also Available from Currency; Copyright Page 330 $aThe Nick Enright Songbook brings together fifty of the best songs from ten musicals for which Enright wrote the lyrics; and the music of five gifted composers-Terence Clarke, Glenn Henrich, Alan John, David King and Max Lambert. The book includes songs from The Venetian Twins, Variations, Summer Rain, Buckley's!, Orlando Rourke, The Betrothed, Mary Bryant, The Good Fight, Miracle City and On the Wallaby. Across this work, Enright's characteristic use of Australian imagery and language shine brightly, intertwined with the themes of resilience, lost love and religion that are familiar in his wor 606 $aSongs 606 $aSongbooks 615 0$aSongs. 615 0$aSongbooks. 676 $a781.59903 700 $aEnright$b Nicholas$f1950-2003,$01608234 702 $aWyllie Johnston$b Peter 702 $aClarke$b Terence 801 0$bMiAaPQ 801 1$bMiAaPQ 801 2$bMiAaPQ 906 $aBOOK 912 $a9910819449803321 996 $aThe Nick Enright songbook$93934876 997 $aUNINA